Grafos: fundamentos y algoritmos

Na minha lista:
Detalhes bibliográficos
Autor principal: Moreno Araya, Eduardo Enrique (autor)
Outros Autores: Ramírez Cabrera, Héctor Ariel (autor)
Formato: Livro
Idioma:espanhol
Publicado em: Santiago J. C. Sáez 2011
coleção:Herramientas para la Formación de Profesores de Matemáticas, 1
Assuntos:
Tags: Adicionar Tag
Sem tags, seja o primeiro a adicionar uma tag!

MARC

LEADER 00000cam a2200000 a 4500
001 UCG7545
003 CL-VaPUC
005 20230629131655.0
008 110812e20110000CL |||||||||||||||||spa|d
999 |c 345411  |d 345409 
020 |a 9789563060768 
040 |c Pontificia Universidad Católica de Valparaíso 
082 0 4 |a 511.8  |b MOR  |2 21 
100 |a Moreno Araya, Eduardo Enrique  |e autor  |9 558115 
245 1 0 |a Grafos: fundamentos y algoritmos 
260 |a Santiago  |b J. C. Sáez  |c 2011 
300 |a 124 p 
490 0 |a Herramientas para la Formación de Profesores de Matemáticas, 1 
583 |a last modification  |c 20121108 09:49:26  |k Rodrigo Vera 
650 0 |a Algoritmos   |9 260639 
650 0 |a Teoría de grupos   |9 270028 
650 0 |a Modelos matemáticos   |9 259437 
650 0 |a Análisis de redes  |9 260875 
700 |a Ramírez Cabrera, Héctor Ariel  |e autor  |9 868461 
942 |c BK  |2 ddc 
945 |d 20110812 00:00:00  |a dcastane 
952 |0 0  |1 0  |4 0  |6 511_800000000000000_MOR_2011  |7 0  |8 A  |9 444108  |a BIBMAT  |b BIBMAT  |c E_DIDACT  |d 2019-11-22  |i 4788850  |o 511.8 MOR 2011  |p 4788850  |r 2025-01-07  |w 2019-11-22  |y BK  |k MAT 
952 |0 0  |1 0  |4 0  |6 511_800000000000000_MOR_2011  |7 0  |8 A  |9 444109  |a BIBMAT  |b BIBMAT  |c E_DIDACT  |d 2019-11-22  |i 4922603  |o 511.8 MOR 2011  |p 4922603  |r 2025-01-07  |w 2019-11-22  |y BK  |k MAT 
952 |0 0  |1 0  |4 0  |6 511_800000000000000_MOR_2011  |7 0  |8 A  |9 444110  |a BIBMAT  |b BIBMAT  |c E_DIDACT  |d 2019-11-22  |i 4922611  |o 511.8 MOR 2011  |p 4922611  |r 2025-01-07  |w 2019-11-22  |y BK  |k MAT